000 00560nam a2200229 a 4500
001 nice12345678
003 IN_TiNIC
005 20260116011835.0
008 050524s1932 laha grp 000 0 urd
020 _a
_c100
082 0 0 _a232.96
_bBAR
100 _aBarkatullah,
245 _aKalmatullah Ki Taleem
260 _aLahore
_bPunjab Religious Booksociety
_c1932
300 _a231p
500 _aincludes index and biblioraphy
650 _aJesus Christ-Teachings
700 1 _aBarkatullah,
902 _bSRS
942 _cBK
999 _c4358
_d4358